000 00973njm a2200277Ia 4500
001 B2222
003 IT-RoPAU
005 20220918181134.0
008 131025s9999 xx 000 0 und d
040 _aIT-RoPAU
040 _cIT-RoPAU
999 _c100809
_d100809
999 _bn.d.
100 _aOldfield Mike
_99697
100 _eAutore musica
_928711
100 _gCodice autore musica SPICS: 8107
_99699
245 _aTabular Bells 2
250 _a1a ed.
260 _aUSA
260 _bWARNER BROS RECORDS
_c1992 [1a Ed.:1992 - Ed. Lingua Orig.: 1992]
300 _aCOMPACT DISC
500 _aMusica strumentale.
505 _aSentinel - Dark Star - Clear Light - Blue Saloon - Sunjammer - Red Dawn - The Bell - Weightless - The Great Plain - Sunset Door - Tattoo - Altered State - Maya Gold - Moonshine
650 _aSTRUMENTALE [COMPACT DISC]
_eCodice MATERIA SPICS: 9949
_928712
700 _aOldfield Mike
_gCodice interprete SPICS: 8107
_eInterprete
_928713
942 _cCD
_2ddc